Calcutta : (Record no. 129714)

MARC details
000 -LEADER
fixed length control field 00633nam a22002177a 4500
005 - DATE AND TIME OF LATEST TRANSACTION
control field 20170124110101.0
010 ## - LIBRARY OF CONGRESS CONTROL NUMBER
LC control number A-709756
020 ## - INTERNATIONAL STANDARD BOOK NUMBER
Terms of availability 95.00
International Standard Book Number 8171670547
035 ## - SYSTEM CONTROL NUMBER
System control number A-709756
037 ## - SOURCE OF ACQUISITION
Source of stock number/acquisition Cen Lib/Ret
040 ## - CATALOGING SOURCE
Original cataloging agency DPL
Language of cataloging EN
082 ## - DEWEY DECIMAL CLASSIFICATION NUMBER
Classification number 954.52
Item number ROY
100 ## - MAIN ENTRY--PERSONAL NAME
Personal name Roy, Samaren
9 (RLIN) 27186
245 ## - TITLE STATEMENT
Title Calcutta :
Statement of responsibility, etc by Samaren Roy
Remainder of title society and change, 1690-1990 /
260 ## - PUBLICATION, DISTRIBUTION, ETC. (IMPRINT)
Place of publication, distribution, etc Calcutta
Name of publisher, distributor, etc Rupa
Date of publication, distribution, etc 1991
270 ## - ADDRESS
City Calcutta
Address 15 Bankim Chatterjee Street
Postal code 700073
300 ## - PHYSICAL DESCRIPTION
Extent 220p. :
Dimensions 20cm(Hb)
Other physical details ill.
650 ## - SUBJECT ADDED ENTRY--TOPICAL TERM
Topical term or geographic name as entry element India--Kolkata
9 (RLIN) 74378
650 ## - SUBJECT ADDED ENTRY--TOPICAL TERM
Topical term or geographic name as entry element Civilization
9 (RLIN) 15651
942 ## - ADDED ENTRY ELEMENTS (KOHA)
Source of classification or shelving scheme Dewey Decimal Classification
Koha item type English Books
Classification part 954.52
Call number suffix ROY
Holdings
Withdrawn status Lost status Damaged status Not for loan Home library Current library Date acquired Source of acquisition Cost, normal purchase price Total Checkouts Full call number Barcode Date last seen Copy number Cost, replacement price Price effective from Koha item type
        Central Library Central Library 07/07/2015 Cen Lib/Ret 95.00   954.52 ROY A-709756 07/07/2015 1 95.00 15/09/2016 English Books

© Delhi Public Library
Hit Counter
free hit counter